000 00565nam a2200145Ia 4500
008 260210s9999 xx 000 0 und d
024 _a19B-083-SE, 19B-095-SE, 19B-092-SE & 19B-116-SE
100 _aMuneeb Sikandar, Mariyam Irfan, Fatima Zafar & Muhammad Waqar
110 _aMs. Rabbia Zuberi
245 0 _aCarpooling System
260 _aKarachi:
_bUITU,
_c2019
600 _aSoftware engineering
650 _aBachelor of Engineering (BE)
856 _uhttps://drive.google.com/file/d/1ABNfdGJm3kbKXSjItPLdflg2sie_vmr3/view?usp=sharing
_yClick here for PDF
999 _c33487
_d33487